00559nam a2200121Ia 4500008004100000245025400041260003600295260000900331300000600340650002600346650001200372856005300384170516s9999 xx 000 0 und d 4aThe Influence of Effective Energy on Computed Tomography Number Depends on Tissue Characteristics in Monoenergetic Cardiac Imaging, Satoshi Okayama, Tsunenari Soeda, Yasuhiro Takami, Rika Kawakami, Satoshi Somekawa, Shiro Uemura, and Yoshihiko Saito bRadiology Research and Practice c2012 a: xRadiologic Technology xRadtech uhttps://www.hindawi.com/journals/rrp/contents/4/